ბათუმის შოთა რუსთაველის სახელმწიფო უნივერსიტეტის ბიბლიოთეკა

ბიზნესის კონკურენტუნარიანობა და ადმინისტრირება : (ბიბ.ჩანაწერი № 34933)

000 -ლიდერი
ფიქსირებული სიგრძის საკონტროლო ველი 01507nam a2200289Ia 4500
001 - საკონტროლო ნომერი
საკონტროლო ველი 761
003 - საკონტროლო ნომრის იდენტიფიკატორი
საკონტროლო ველი GE_BSU
005 - ბოლო ოპერაციის თარიღი და დრო
საკონტროლო ველი 20241015103152.0
008 - ფიქსირებული სიგრძის მონაცემთა ელემენტები - ზოგადი ინფორმაცია
ფიქსირებული სიგრძის საკონტროლო ველი 181216s2010||||ge |||||||||||||| ||geo||
020 ## - წიგნის საერთაშორისო სტანდარტული ნომერი
International Standard Book Number 9789941028892
040 ## - კატალოგიზაციის წყარო
Transcribing agency GE_BSU
041 ## - ენის კოდი
Language code of text/sound track or separate title geo
080 ## - უნივერსალური ათობითი კლასიფიკაციის ინდექსი
Universal Decimal Classification number 338.22(075.8)+005.915(075.8) ბ–251
100 ## - მთავარი ჩანაწერი - პიროვნების სახელი
Personal name ბარათაშვილი, ევგენი
9 (RLIN) 734
245 ## - ცნობა სათაურის შესახებ
Title ბიზნესის კონკურენტუნარიანობა და ადმინისტრირება :
Remainder of title (სახელმძღვ.) /
Statement of responsibility, etc ევგენი ბარათაშვილი, ლარისა თაკალანძე, ნოდარ გრძელიშვილი; [რედ.: გიორგი მალაშხია, მაია გონაშვილი].
264 ## - წარმოების, გამოცემის, დისტრიბუციის და სხვა ცნობები
გამოცემის, წარმოების, დისტრიბუციის... ადგილი თბილისი,
გამოცემის, წარმოების, დისტრიბუციის... თარიღი 2010.
300 ## - ფიზიკური აღწერა
Extent 393 გვ. :
Other physical details ნახ., ცხრ. ;
Dimensions 20 სმ.
653 ## - INDEX TERM--UNCONTROLLED
Uncontrolled term ბიზნესი
653 ## - INDEX TERM--UNCONTROLLED
Uncontrolled term ფინანსების მართვა
653 ## - INDEX TERM--UNCONTROLLED
Uncontrolled term კონკურენცია
700 ## - ADDED ENTRY--PERSONAL NAME
Personal name თაკალანძე, ლარისა
Relator term ავტორი
9 (RLIN) 14664
700 ## - ADDED ENTRY--PERSONAL NAME
Personal name გრძელიშვილი, ნოდარ
Relator term ავტორი
9 (RLIN) 4965
700 ## - ADDED ENTRY--PERSONAL NAME
Personal name მალაშხია, გიორგი
Relator term რედაქტორი
9 (RLIN) 7239
700 ## - ADDED ENTRY--PERSONAL NAME
Personal name გონაშვილი, მაია
Relator term რედაქტორი
9 (RLIN) 13250
942 ## - ADDED ENTRY ELEMENTS (KOHA)
Koha item type წიგნი
Source of classification or shelving scheme
ეგზემპლარები
ჩამოწერის სტატუსი დაკარგული ეგზემპლარის სტატუსი კლასიფიკაციის წყარო ან თაროზე გაწყობის სქემა დაზიანების სტატუსი არ გაიცემა მუდმივი მდებარეობა (დაცვის ადგილი) ამჟამინდელი ადგილსამყოფელი თაროზე განთავსების ადგილი შეძენის თარიღი ღირებულება, შესყიდვის ნორმალური ფასი სრული შენახვის შიფრი შტრიხკოდი ბოლო ოპერაციის თარიღი ეგზემპლარის მიმდევრობითი ნომერი (კეტერი?) ფასის ძალაში შესვლის თარიღი ეგზემპლარის სახეობა საჯარო შენიშვნა
          ბათუმის შოთა რუსთაველის სახელმწიფო უნივერსიტეტის მთავარი ბიბლიოთეკა ბათუმის შოთა რუსთაველის სახელმწიფო უნივერსიტეტის მთავარი ბიბლიოთეკა წიგნსაცავი 2018-12-17 15.00 338.22(075.8)+005.915(075.8) ბ–251 989 2018-12-17 989 2018-12-17 წიგნი 15 ლ.